Piano concertos /

Korporativní autor: Bamberger Symphoniker
Další autoři: Kahánek, Ivo, 1979-, Hrůša, Jakub, 1981-, Dvořák, Antonín, 1841-1904., Martinů, Bohuslav, 1890-1959.
Jazyk: Čeština
Vydáno: Praha : Supraphon, 2019
Témata:
Fyzický popis: 1 CD audio (59:34) ; 12 cm
Zvukové nahrávky
Uloženo v:
LEADER 02590nim a2200625 i 4500
001 001730551
003 CZ BrMZK
005 20200518104109.0
007 sd fsngnnmmned
008 200217p20192017xr conng fh n cze
015 |a cnb003136345 
024 1 |a 099925423629 
028 0 1 |a SU 4236-2  |b Supraphon 
040 |a BOA001  |b cze  |e rda 
041 0 |g cze  |g eng  |g fre  |g ger 
043 |a e-xr--- 
045 |a w7x5 
048 |b ka01  |a oa01 
072 7 |a 786  |x Hudba pro klávesové nástroje  |2 Konspekt  |9 9 
080 |a 786.2  |2 MRF 
080 |a 78.082.4  |2 MRF 
080 |a (086.76)  |2 MRF 
245 0 0 |a Piano concertos /  |c Dvořák, Martinů 
264 1 |a Praha :  |b Supraphon,  |c 2019 
264 4 |c ℗2019 
300 |a 1 CD audio (59:34) ;  |c 12 cm 
306 |a 005934 
336 |a hraná hudba  |b prm  |2 rdacontent 
337 |a audio  |b s  |2 rdamedia 
338 |a audiodisk  |b sd  |2 rdacarrier 
344 |a digital  |b optical  |g stereo  |2 rda 
347 |a audio soubor  |b CD audio  |2 rda 
382 0 1 |b klavír  |n 1  |a symfonický orchestr 
500 |a Název z disku 
500 |a Nahráno ve spoupráci s BR-Klassik 
500 |a Technika záznamu DDD 
500 |a Informace o hudbě a interpretech vícejazyčně (34 stran) v pouzdru 
505 0 |a Koncert pro klavír a orchestr g moll op. 33 (B 63, 1876) / Antonín Dvořák (40:18) -- Koncert pro klavír a orchestr č. 4 "Inkantace" H 358 (1956) / Bohuslav Martinů (19:06) 
511 1 |a Ivo Kahánek, klavír ; Bamberger Symphoniker, Jakub Hrůša, dirigent 
518 |3 První dílo  |o nahráno  |d 4. a 5. října 2017  |p Joseph-Keilberth-Saal, Konzerthalle Bamberg 
518 |3 Druhé dílo  |o nahráno živě  |d 17.-19. ledna 2019  |p Joseph-Keilberth-Saal, Konzerthalle Bamberg 
648 7 |a 19.-20. století  |7 ch757015  |2 czenas 
648 4 |a 1876-1956 
650 0 7 |a hudba pro klavír  |7 ph114721  |z Česko  |y 19.-20. století  |2 czenas 
650 0 7 |a koncerty  |7 ph121790  |2 czenas 
655 7 |a kompaktní disky  |7 fd201991  |2 czenas 
700 1 |a Kahánek, Ivo,  |d 1979-  |7 pna2005311719  |4 itr 
700 1 |a Hrůša, Jakub,  |d 1981-  |7 mzk2005294980  |4 cnd 
700 1 2 |i Obsahuje (dílo):  |a Dvořák, Antonín,  |d 1841-1904.  |t Koncerty,  |m klavír, orchestr,  |n op. 33,  |r g moll  |7 aun2006372773 
700 1 2 |i Obsahuje (dílo):  |a Martinů, Bohuslav,  |d 1890-1959.  |t Koncerty,  |m klavír, orchestr,  |n č. 4  |7 aun2014816222 
710 2 |a Bamberger Symphoniker  |7 pna2006332004  |4 itr 
910 |a BOA001  |b CDR-1444.303 
990 |a AV 
991 |b 202005 
996 6 |b 2610814919  |c CDR-1444.303  |l MZK  |r Sklad / do 24 hodin  |n 0  |p p.v.  |w 001782811  |u 000010  |a 1  |e BOA001  |j MZK50  |s P